Т. 112, кн. 10: [сборник]; Ученые записки Казанского университета

ग्रंथसूची विवरण
Parent link:Ученые записки Казанского университета: [сборник научных трудов]/ Казанский государственный университет (КГУ). Т. 112, кн. 10.— , 1909-
अन्य लेखक: Мартынов Д. Я. (редактор)
भाषा:रूसी
प्रकाशित: 1952
श्रृंखला:Математика
विषय:
स्वरूप: पुस्तक
KOHA link:https://koha.lib.tpu.ru/cgi-bin/koha/opac-detail.pl?biblionumber=338970

MARC

LEADER 00000nam2a2200000 4500
001 338970
005 20231102005112.0
035 |a (RuTPU)RU\TPU\book\365475 
035 |a RU\TPU\book\365467 
090 |a 338970 
100 |a 20171206d1952 k y0rusy50 ca 
101 0 |a rus 
102 |a RU 
105 |a a z 001zy 
200 0 |a Т. 112, кн. 10  |e [сборник]  |f отв. ред. Д. Я. Мартынов 
210 |d 1952 
225 1 |a Математика 
320 |a Библиогр. в конце ст. 
461 1 |0 (RuTPU)RU\TPU\book\283219  |t Ученые записки Казанского университета  |o [сборник научных трудов]  |f Казанский государственный университет (КГУ)  |v Т. 112, кн. 10  |d 1909-  
606 1 |a Математика  |2 stltpush  |3 (RuTPU)RU\TPU\subj\67327  |9 83171 
610 1 |a биаффинное пространство 
610 1 |a теория кривых 
610 1 |a регулярные пространства 
610 1 |a векторы 
610 1 |a тензорные методы 
610 1 |a теория конгруэнций 
610 1 |a дифференциальная геометрия 
610 1 |a краевые задачи 
610 1 |a функции 
675 |a 51  |v 3 
702 1 |a Мартынов  |b Д. Я.  |4 340 
801 1 |a RU  |b 63413507  |c 20171206 
801 2 |a RU  |b 63413507  |c 20171206  |g RCR 
942 |c BK